Proyecto de creación de la bolsa de trabajo de Lérida / por el ingeniero Eusebio Martí Lamich
Descripción Física:
28 p. : quadres ; 22 cm
Materias:
Oficines de col·locació -- Lleida
MARC
| LEADER | 00000nam a2200000Ia 4500 | ||
|---|---|---|---|
| 001 | 23411 | ||
| 008 | 160829s1914 xx 000 0 cat d | ||
| 080 | |a RF-16-63 | ||
| 100 | |a Martí Lamich, Eusebio |9 48805 | ||
| 245 | |a Proyecto de creación de la bolsa de trabajo de Lérida / por el ingeniero Eusebio Martí Lamich | ||
| 260 | |a Lérida : |b Dip. Prov. C. Misericordia, |c 1914 | ||
| 300 | |a 28 p. : |b quadres ; |c 22 cm | ||
| 590 | |a Inclou els estatuts. | ||
| 590 | |a Prové de 2782, exp. 17 | ||
| 650 | |a Oficines de col·locació |x Lleida |9 48806 | ||
| 856 | 4 | |u https://media.diba.cat/diba/fitxers/arxiu/fulletons/bib_23411_1914_baixa.pdf |y Accés lliure | |
| 856 | 4 | |u https://media.diba.cat/diba/fitxers/arxiu/fulletons/bib_23411_1914_baixa.pdf |y Accés lliure | |
| 901 | |a Arxiu | ||
| 942 | |n 1 |2 udc | ||
| 952 | |0 0 |1 0 |4 0 |6 RF1663 |7 1 |9 54867 |a Arxiu |b Arxiu |d 2012-03-08 |l 0 |o RF-16-63 |p 23411 |r 2016-12-01 00:00:00 |w 2016-12-01 |y ARXIU | ||
| 999 | |c 58737 |d 58737 | ||
| 900 | |a bib_23411_1914_baixa.pdf | ||